000 02391nam1a2200337 i 4500
001 RU\NLR\BIBL_A\011893799
005 20260426041210.0
035 _a(NLR Aleph) 011893799
090 _a10845678
_c10845678
100 _a20181130g20169999k y0rusy50 ca
101 0 _arus
102 _aRU
105 _a||||z||||||||
200 1 _aИстория и культура Российского Севера в исследовательском, образовательном и просветительском измерениях
_eматериалы I съезда историков Республики Коми (31 марта - 4 апреля 2015 г.)
_fФедеральное агентство научных организаций, Институт языка, литературы и истории Коми НЦ УрО РАН, Коми региональное отдедение Российского исторического общества
_g[составители: д.и.н. И.Л. Жеребцов, к.и.н. Н.М. Игнатова
_gнаучный редактор: д.и.н. И.Л. Жеребцов]
210 _aСыктывкар
_cИЯЛИ Коми НЦ УрО РАН
_d2016
215 _d28
606 1 _aКоми литература
_jСъезды, совещания и т.п.
_91332134
_3RU\NLR\AUTH\66554277
606 1 _aОбразование
_jСъезды, совещания и т.п
_xИстория
_yРоссия
_yСевер
_92391871
_3RU\NLR\AUTH\6601646710
607 _aРоссия
_jСъезды, совещания и т.п
_xИстория
_yСевер
_92094667
_3RU\NLR\AUTH\661267486
607 _aКоми, край
_jСъезды, совещания и т.п
_xИстория
_92180164
_3RU\NLR\AUTH\661311098
686 1 _aТ3(2Р1)я431
686 1 _aТ3(2Р-6Ко)я431
686 1 _aЧ33(2Р1)я431
686 1 _aШ5(2=Ко)я431
702 1 _4220
_8rus
_7ca
_aЖеребцов
_bИ.Л.
_f1960-
_gИгорь Любомирович
_3RU\NLR\AUTH\7718132
_91215
711 1 2 _aСъезд историков Республики Коми
_d1
_eСыктывкар
_f2015
_9639190
_3RU\NLR\AUTH\880489403
712 0 2 _4475
_aИнститут языка, литературы и истории
_cСыктывкар
_3RU\NLR\AUTH\8813567
_9300157
852 _aNLR
_j2018-8/3923
942 _cBOOK